| Tag |
First Indicator |
Second Indicator |
Subfields |
| LEADER |
00000cam a2200000 4500 |
| 001 |
in00000067406 |
| 005 |
20151008051933.0 |
| 008 |
730117s1958 nyu 00000 eng u |
| 010 |
|
|
|a 58011808
|
| 035 |
|
|
|a (OCoLC)00541484
|
| 035 |
|
|
|9 AAH0832AM
|
| 040 |
|
|
|c OUN
|d TXA
|d UtOrBLW
|
| 049 |
|
|
|a TXAM
|c [299040]
|
| 050 |
|
0 |
|a HV6337
|b .T8
|
| 092 |
|
|
|a 364.973
|b T923t
|
| 100 |
1 |
|
|a Tully, Andrew,
|d 1914-1993.
|
| 245 |
1 |
0 |
|a Treasury agent ;
|b the inside story /
|c Foreword by Robert B. Anderson.
|
| 264 |
|
1 |
|a New York :
|b Simon and Schuster,
|c 1958.
|
| 300 |
|
|
|a 338 pages ;
|c 23 cm.
|
| 336 |
|
|
|a text
|b txt
|2 rdacontent
|
| 337 |
|
|
|a unmediated
|b n
|2 rdamedia
|
| 338 |
|
|
|a volume
|b nc
|2 rdacarrier
|
| 500 |
|
|
|a Stories based on cases from the files of the Treasury's law-enforcement agencies.
|
| 610 |
1 |
0 |
|a United States.
|b Office of Internal Revenue.
|
| 650 |
|
0 |
|a Crime
|z United States.
|
| 650 |
|
0 |
|a Criminals
|z United States.
|
| 999 |
|
|
|a MARS
|
| 999 |
f |
f |
|s c37a5fe4-3957-3194-8c35-7dae6ac0d009
|i a9ab412f-4520-3c70-8c12-a27bd1915808
|t 0
|
| 952 |
f |
f |
|p ric
|a Texas A&M University
|b Rellis Campus
|c Joint Library Facility
|d Remote Storage
|t 0
|e HV6337 .T8
|h Library of Congress classification
|i unmediated -- volume
|m A14800814715
|
| 998 |
f |
f |
|a HV6337 .T8
|t 0
|l Remote Storage
|